000
00244nam a22001217a 4500
082
_a
823
_b
PAS/S
100
_a
PASHA,NIKKI
245
_a
SANDSTORM
260
_a
BOMBAY
_b
RUPA &CO
300
_a
142
650
_a
ENGLISH NOVEL
_z
BOMBAY
942
_c
BK
999
_c
3473
_d
3473